Bible by Letter - R - Statistics

General Stats
  • This quiz has been taken 66 times
  • The average score is 9 of 15
Answer Stats
Hint Answer % Correct
To be sorry for your sins and turn to Jesus Repent
93%
Jesus ____ from the dead Rose
93%
Book of the Bible that doesn't directly mention God as a character Ruth
85%
Biblical Sea Red Sea
84%
Last book of the Bible Revelations
80%
The _______ signifies God's covenant with Noah Rainbow
71%
Your ___ and your staff comfort me Rod
71%
Moses was hidden in these Reeds
65%
Empire that invaded Israel, the last of the four Rome
62%
Wife of Isaac Rebekah
44%
Person who hid the spies Rahab
42%
God is my ______ and strength Refuge
40%
The paralyzed man's friends pulled this apart to get to Jesus Roof
40%
A tribe of Israel Reuben
38%
Wife of Jacob Rachael
33%
No matching quizzes found
Score Distribution
Percent of People with Each Score
Percentile by Number Answered
Your Score History
You have not taken this quiz